FROM STAGNATION TO CATASTROIKA : (Record no. 4829)
[ view plain ]
| 000 -الفاتح | |
|---|---|
| حقل البيانات ثابتة الطول | 00731nam a2200205Ia 4500 |
| 008 - عناصر البيانات ثابتة الطول - معلومات عامة | |
| حقل البيانات ثابتة الطول | 140319s9999 xx 000 0 eng d |
| 020 ## - الرقم الدولى المعيارى للكتب | |
| الرقم الدولى المعيارى للكتاب | 0275942554 |
| 040 ## - مصدر الفهرسة | |
| وكالة الفهرسة الأصلية | GCL / |
| وكالة النسخ | GCL |
| 082 04 - رقم تصنيف ديوى العشرى | |
| رقم التصنيف | 338.947 |
| رقم المادة | H F |
| 100 1# - المدخل الرئيسى - إسم شخصى | |
| الإسم الشخصى | HANSON, PHILIP |
| 245 10 - بيان العنوان | |
| العنوان | FROM STAGNATION TO CATASTROIKA : |
| بقية العنوان | COMMENTARIES ON THE SOVIET ECONOMY, 1983 - 1991 / |
| بيان المسئوليه,etc | HANSON, PHILIP |
| 260 ## - PUBLICATION, DISTRIBUTION, ETC. (IMPRINT) | |
| تاريخ النشر أو التوزيع | 1992 |
| 300 ## - الوصف المادى | |
| التعداد | 17 CM ؛ |
| أبعاد الوعاء | IX, 243 P |
| 490 ## - بيان السلسلة | |
| عنوان السلسلة | THE WASHINGTON PAPERS |
| رقم المجلد/ التعيين التسلسلي | 0 |
| 650 04 - المدخل الاضافى بالموضوع-مصطلح موضوعى | |
| مصطلح موضوعي | SOVIET UNION - ECONOMIC POLICY - 1986 - 1991 |
| 650 04 - المدخل الاضافى بالموضوع-مصطلح موضوعى | |
| مصطلح موضوعي | SOVIET UNION - ECONOMIC CONDITIONS - 1985 |
| 650 04 - المدخل الاضافى بالموضوع-مصطلح موضوعى | |
| مصطلح موضوعي | SOVIET UNION - ECONOMIC CONDITIONS - 1975 - 1985 |
| 942 ## - عناصر المدخل الإضافي( كوها) | |
| مصدر التصنيف او مخطط الترفيف | Dewey Decimal Classification |
| Koha [default] item type | كتاب |
| 260 ## - PUBLICATION, DISTRIBUTION, ETC. (IMPRINT) | |
| -- | نيويورك : |
| -- | THE CENTER FOR STRATEGIC AND INTER . STUDIES ، |
| حالة التراجع | حالة الفقد | حالة تلف | ليس للاعارة | المكان المؤقت | الموقع الحالى | تاريخ الاكتساب | اجمالي اﻻعارات | رقم الطلب | الباركود | تاريخ اخر مشاهدة | تاريخ تفعيل السعر | نوع وعاء كوها |
|---|---|---|---|---|---|---|---|---|---|---|---|---|
| مكتبة القاهرة الكبرى | مكتبة القاهرة الكبرى | 03/26/2014 | 338.947\H F | 10819 | 03/26/2014 | 03/26/2014 | كتاب |

